| 000 | 02400cam a22003614a 4500 | ||
|---|---|---|---|
| 001 | 14452002 | ||
| 005 | 20170105102914.0 | ||
| 008 | 060714s2006 nyu 001 0 eng c | ||
| 010 | _a 2006279373 | ||
| 020 | _a9780719568923 | ||
| 035 | _a(OCoLC)ocm70055568 | ||
| 040 |
_aNVC _cNVC _dOCO _dBAKER _dZJI _dAFQ _dBUR _dDLC |
||
| 042 | _apcc | ||
| 043 | _an-us--- | ||
| 050 | 0 | 0 |
_aHV6432 _b.S87 2006 |
| 082 | 0 | 0 |
_a973.931 _222 |
| 100 | 1 | _aSuskind, Ron. | |
| 245 | 1 | 4 |
_aThe one percent doctrine : _bdeep inside America's pursuit of its enemies since 9/11 / _cRon Suskind. |
| 260 |
_aNew York : _bSimon & Schuster, _cc2006. |
||
| 300 |
_axi, 367 p. ; _c25 cm. |
||
| 500 | _aIncludes index. | ||
| 505 | 0 | _aFalse positives -- Beyond suspicion -- Necessity's offspring -- Zawahiri's head -- Going operational -- Cause for alarm -- Conversations with dictators -- Wages of fear -- Hearts and minds. | |
| 520 | _aWhat is the guiding principle of the world's most powerful nation as it searches for enemies at home and abroad? Who is actually running U.S. foreign policy? The story begins on September 12, 2001, as America began to gather itself for a response to the unimaginable. Journalist Suskind tells us what actually occurred over the next three years, from the inside out, by tracing the steps of the key actors who oversee the "war on terror" and report progress to an anxious nation; and the invisibles, the men and women just below the line of sight, left to improvise plans to defeat a new kind of enemy in an hour-by-hour race against disaster. The internal battles between these two teams--one, the Bush administration, under the hot lights; the other, actually fighting the fight--reveal everything about what America faces, and what it has done, in this age of terror.--From publisher description. | ||
| 650 | 0 | _aWar on Terrorism, 2001-2009. | |
| 650 | 0 |
_aTerrorism _zUnited States _xPrevention. |
|
| 651 | 0 |
_aUnited States _xPolitics and government _y2001-2009. |
|
| 651 | 0 |
_aUnited States _xForeign relations _y2001- |
|
| 856 | 4 | 1 |
_3Table of contents only _uhttp://www.loc.gov/catdir/toc/fy0711/2006279373.html |
| 856 | 4 | 2 |
_3Publisher description _uhttp://www.loc.gov/catdir/enhancements/fy0661/2006279373-d.html |
| 906 |
_a7 _bcbc _cpccadap _d1 _encip _f20 _gy-gencatlg |
||
| 942 |
_2ddc _cBK |
||
| 999 |
_c15291 _d15291 |
||